[Event "21. Torneo Ciudad de Villarrobledo"]
[Site "Villarrobledo ESP"]
[Date "2006.08.06"]
[Round "7"]
[White "Moreno Carnero, Javier"]
[Black "Perez, Luis Manuel"]
[Result "1/2-1/2"]
[WhiteElo "2509"]
[BlackElo "2414"]
[PlyCount "28"]
[EventDate "2006.08.05"]
[EventType "swiss (rapid)"]
[EventRounds "9"]
[EventCountry "ESP"]
[Source "lmi"]
[SourceDate "2006.08.06"]

1. e4 d6 2. d4 Nf6 3. Nc3 g6 4. f4 Bg7 5. a3 O-O 6. Nf3 Bg4 7. h3 Bxf3 8. Qxf3
Nc6 9. Be3 e5 10. dxe5 dxe5 11. f5 Nh5 12. Bc4 Nd4 13. Qf2 gxf5 14. exf5 Nxc2+
1/2-1/2